[Event "Bundesliga 2014/15"]
[Site "Dresden GER"]
[Date "2015.03.15"]
[Round "13"]
[White "Inarkiev, Ernesto"]
[Black "Socko, Bartosz"]
[Result "1/2-1/2"]
[WhiteElo "2672"]
[BlackElo "2611"]
[PlyCount "137"]
[EventDate "2014.10.18"]
[EventType "team"]
[WhiteTeam "SK Schwaebisch Hall"]
[BlackTeam "USV TU Dresden"]

1. d4 Nf6 2. Nf3 e6 3. g3 b5 4. Bg2 Bb7 5. O-O c5 6. Na3 Qb6 7. c4 b4 8. Nc2
Be7 9. dxc5 Bxc5 10. Nce1 d6 11. Nd3 Nbd7 12. Bf4 e5 13. Nxc5 Nxc5 14. Bg5 Nfe4
15. Be3 O-O 16. Nd2 Nf6 17. Bxb7 Qxb7 18. Nb3 Rfd8 19. Nxc5 dxc5 20. Qa4 Qb6
21. Rad1 Ng4 22. Bc1 e4 23. Bf4 h6 24. h3 Nf6 25. Kg2 Rd4 26. Be3 Rxc4 27. Rd2
Rd8 28. Rxd8+ Qxd8 29. Qb3 Qd5 30. Rd1 Qe6 31. Rd8+ Kh7 32. Qd1 Qe7 33. Ra8 Qb7
34. Rf8 Nd5 35. Rd8 Nxe3+ 36. fxe3 Qa6 37. Rd7 Qf6 38. Qd2 a6 39. Ra7 b3 40.
axb3 Rb4 41. Qd5 Qe6 42. Qxe6 fxe6 43. Rxa6 Rxb3 44. Rxe6 Rxe3 45. Kf2 Rb3 46.
Re5 Rxb2 47. Rxc5 Rb4 48. h4 Kg6 49. Ke3 Kf6 50. g4 g6 51. Rc6+ Kf7 52. Rc7+
Kf6 53. Rh7 Ra4 54. Rxh6 Kg7 55. g5 Ra2 56. h5 gxh5 57. Re6 h4 58. Rxe4 h3 59.
Re6 Ra4 60. Rh6 Rg4 61. Rxh3 Rxg5 62. Rf3 Ra5 63. Kd4 Ra4+ 64. Kd5 Ra5+ 65. Kc4
Ra4+ 66. Kb5 Ra2 67. e3 Rc2 68. Rf4 Rc3 69. Rf3 1/2-1/2

[Event "Bundesliga 2014/15"]
[Site "Dortmund GER"]
[Date "2015.03.15"]
[Round "13"]
[White "Zaragatski, Ilja"]
[Black "Fressinet, Laurent"]
[Result "0-1"]
[WhiteElo "2472"]
[BlackElo "2713"]
[PlyCount "100"]
[EventDate "2014.10.18"]
[EventType "team"]
[WhiteTeam "SF Katernberg"]
[BlackTeam "Werder Bremen"]

1. Nf3 d5 2. g3 g6 3. c4 d4 4. b4 Bg7 5. d3 a5 6. b5 b6 7. Bg2 Bb7 8. O-O e5 9.
a4 Ne7 10. Ra2 O-O 11. Re1 Re8 12. e3 dxe3 13. Bxe3 Nf5 14. Bg5 f6 15. Bc1 Nd7
16. g4 Nd6 17. Rae2 Nc5 18. Nc3 Qd7 19. g5 e4 20. dxe4 Nxc4 21. Qxd7 Nxd7 22.
Nd5 Bxd5 23. exd5 Nd6 24. Re7 Rad8 25. Nd4 fxg5 26. Nc6 Bf6 27. R7e6 Ra8 28.
Be3 Kf7 29. Rc1 Nf5 30. Rxe8 Rxe8 31. Na7 Bd8 32. Bh3 Re4 33. d6 cxd6 34. Rc8
Re8 35. Nc6 Bf6 36. Rc7 Ke6 37. Bxg5 Bxg5 38. Nd4+ Ke7 39. Nc6+ Ke6 40. Nd4+
Kd5 41. Nxf5 Re1+ 42. Kg2 Nc5 43. Ne3+ Bxe3 44. fxe3 Rxe3 45. Rxh7 Nxa4 46. Rg7
Nc3 47. Rxg6 a4 48. Rg5+ Kc4 49. Rg8 a3 50. Ra8 a2 0-1

[Event "Reykjavik Open 2015"]
[Site "Reykjavik ISL"]
[Date "2015.03.15"]
[Round "7"]
[White "L'Ami, Erwin"]
[Black "Mamedyarov, Shakhriyar"]
[Result "1-0"]
[WhiteElo "2605"]
[BlackElo "2756"]
[PlyCount "41"]
[EventDate "2015.03.10"]

1. d4 d6 2. c4 e5 3. Nc3 exd4 4. Qxd4 Nc6 5. Qd2 g6 6. b3 Bg7 7. Bb2 Nf6 8. g3
O-O 9. Bg2 Re8 10. Nf3 Bf5 11. Nh4 Bd7 12. O-O Qc8 13. Rfe1 Bh3 14. Bh1 Qg4 15.
Ng2 Qd4 16. Rad1 Ne4 17. Qxd4 Bxd4 18. Rxd4 Nxd4 19. Nf4 Ng5 20. Nxh3 Nxh3+ 21.
Kf1 1-0

[Event "Reykjavik Open 2015"]
[Site "Reykjavik ISL"]
[Date "2015.03.15"]
[Round "7"]
[White "Fier, Alexandr"]
[Black "Eljanov, Pavel"]
[Result "0-1"]
[WhiteElo "2601"]
[BlackElo "2727"]
[PlyCount "128"]
[EventDate "2015.03.10"]

1. d4 Nf6 2. c4 e6 3. Nc3 Bb4 4. e3 O-O 5. Nge2 d5 6. a3 Bd6 7. Ng3 b6 8. Be2
Ba6 9. e4 Nxe4 10. Ngxe4 dxe4 11. Nxe4 Nc6 12. Be3 f5 13. Nxd6 Qxd6 14. f4 Rad8
15. Qa4 Nxd4 16. c5 Qxc5 17. Bxd4 Rxd4 18. Qxa6 Rxf4 19. Rf1 Re4 20. Rf2 Qe5
21. Qd3 Qxb2 22. Rd1 Qe5 23. h3 g6 24. Kf1 Rf7 25. Bf3 Re3 26. Qd8+ Kg7 27. Re2
Rxe2 28. Bxe2 Qf4+ 29. Kg1 Qe3+ 30. Kf1 Qf4+ 31. Kg1 Qe3+ 32. Kf1 f4 33. Bf3
Qxa3 34. Qd4+ Kh6 35. Re1 Qe7 36. Bg4 Qf6 37. Re5 Kg7 38. Bxe6 c5 39. Qd5 Re7
40. Re1 Qd4 41. Qc6 Qf6 42. Re2 Kh6 43. Qd5 a5 44. Bg8 Rxe2 45. Kxe2 Kg7 46.
Be6 Qb2+ 47. Kf3 Kf6 48. Bg8 Qe5 49. Qf7+ Kg5 50. Kf2 h5 51. Kf1 a4 52. h4+
Kxh4 53. Qxg6 b5 54. Qd3 c4 55. Qh3+ Kg5 56. Qa3 c3 57. Bh7 Kh4 58. Bd3 Kg3 59.
Qf8 Qd4 60. Qg8+ Kh2 61. Qh7 Qg1+ 62. Ke2 Qxg2+ 63. Ke1 Qg3+ 64. Kf1 f3 0-1

[Event "Reykjavik Open 2015"]
[Site "Reykjavik ISL"]
[Date "2015.03.16"]
[Round "8"]
[White "Eljanov, Pavel"]
[Black "Naroditsky, Daniel"]
[Result "1/2-1/2"]
[WhiteElo "2727"]
[BlackElo "2633"]
[PlyCount "53"]
[EventDate "2015.03.10"]

1. c4 e5 2. Nc3 Nf6 3. Nf3 Nc6 4. e3 Bb4 5. Qc2 d6 6. Nd5 Bc5 7. a3 a5 8. b3
Be6 9. Nc3 Qd7 10. Bd3 h6 11. Bb2 O-O 12. O-O Ne7 13. Rfd1 Bg4 14. Be2 Bf5 15.
e4 Bg6 16. d4 exd4 17. Nxd4 Nc6 18. Nxc6 bxc6 19. h3 Rfe8 20. Bd3 Bd4 21. Re1
Re7 22. Re2 Rae8 23. Rae1 Bh5 24. Rd2 Bg6 25. Rde2 Bh5 26. Rd2 Bg6 27. Rde2
1/2-1/2

[Event "Reykjavik Open 2015"]
[Site "Reykjavik ISL"]
[Date "2015.03.16"]
[Round "8"]
[White "Hansen, Eric"]
[Black "Mamedyarov, Shakhriyar"]
[Result "1/2-1/2"]
[WhiteElo "2566"]
[BlackElo "2756"]
[PlyCount "76"]
[EventDate "2015.03.10"]

1. e4 c6 2. d4 d5 3. e5 Bf5 4. Nf3 e6 5. Be2 Nd7 6. O-O f6 7. c4 fxe5 8. cxd5
cxd5 9. dxe5 Bc5 10. Nc3 a6 11. Be3 Bxe3 12. fxe3 Ne7 13. Nd4 O-O 14. Qb3 Qc7
15. Kh1 Qxe5 16. Qxb7 Qd6 17. Qb3 Rf6 18. Qa3 Qxa3 19. bxa3 Ne5 20. h3 Rc8 21.
Rac1 Bd3 22. Rxf6 gxf6 23. Nxe6 Rxc3 24. Rxc3 Bxe2 25. Rc7 Kf7 26. Nd4 Bd3 27.
g4 Be4+ 28. Kg1 Nf3+ 29. Kf2 Nxd4 30. exd4 Bd3 31. Ke3 Bc4 32. Ra7 h6 33. Kf4
Ke6 34. Rb7 Nc6 35. Ke3 Nd8 36. Rb6+ Kf7 37. h4 Ke7 38. a4 Kf7 1/2-1/2

[Event "Reykjavik Open 2015"]
[Site "Reykjavik ISL"]
[Date "2015.03.16"]
[Round "8"]
[White "Navara, David"]
[Black "Fier, Alexandr"]
[Result "0-1"]
[WhiteElo "2736"]
[BlackElo "2601"]
[PlyCount "88"]
[EventDate "2015.03.10"]

1. e4 c5 2. Nf3 e6 3. d4 cxd4 4. Nxd4 Nc6 5. Nc3 Qc7 6. Be2 a6 7. O-O Nf6 8.
Be3 Be7 9. f4 d6 10. Kh1 O-O 11. Qe1 Nxd4 12. Bxd4 b5 13. a3 Bb7 14. Qg3 Bc6
15. Rae1 Qb7 16. Bd3 b4 17. Nd1 bxa3 18. bxa3 Rad8 19. Nf2 Qc7 20. Bxa6 Ra8 21.
Bd3 Ra4 22. Bxf6 Bxf6 23. Ng4 Qe7 24. f5 e5 25. Re3 Rxa3 26. h4 Kh8 27. Qe1
Bxh4 28. f6 Bxf6 29. Rxf6 Bd7 30. Rf5 Bxf5 31. exf5 Qg5 32. Qe2 e4 33. Bc4 Qh4+
34. Rh3 Rxh3+ 35. gxh3 Qxh3+ 36. Kg1 Qg3+ 37. Qg2 Qf4 38. Nf2 e3 39. Ne4 Ra8
40. Ng3 Ra1+ 41. Bf1 h6 42. c4 Kh7 43. f6 g6 44. Kh2 Rxf1 0-1

[Event "Reykjavik Open 2015"]
[Site "Reykjavik ISL"]
[Date "2015.03.17"]
[Round "9"]
[White "Eljanov, Pavel"]
[Black "Hansen, Eric"]
[Result "1/2-1/2"]
[WhiteElo "2727"]
[BlackElo "2566"]
[PlyCount "76"]
[EventDate "2015.03.10"]

1. c4 Nf6 2. Nc3 c5 3. g3 g6 4. Bg2 Bg7 5. d3 Nc6 6. Bf4 d6 7. Qc1 h6 8. Rb1
Qd7 9. Nd5 Nxd5 10. cxd5 Ne5 11. Nf3 Nxf3+ 12. Bxf3 Qa4 13. O-O Bh3 14. Re1 Rc8
15. e4 g5 16. Bd2 O-O 17. Bc3 e5 18. dxe6 fxe6 19. Bd1 Qd7 20. Qe3 e5 21. b4 b6
22. f3 Rf6 23. bxc5 bxc5 24. Re2 Rcf8 25. Rf2 Kh7 26. Rbb2 Be6 27. Bb3 Bh3 28.
Bd1 Be6 29. g4 R6f7 30. Bb3 Bxb3 31. axb3 Bf6 32. Qe2 Bd8 33. Bd2 Rxf3 34. Rxf3
Qxg4+ 35. Kf2 Qh4+ 36. Kg2 Qg4+ 37. Kf2 Qh4+ 38. Kg2 Qg4+ 1/2-1/2

[Event "Reykjavik Open 2015"]
[Site "Reykjavik ISL"]
[Date "2015.03.17"]
[Round "9"]
[White "Mamedyarov, Shakhriyar"]
[Black "Stopa, Jacek"]
[Result "1-0"]
[WhiteElo "2756"]
[BlackElo "2544"]
[PlyCount "99"]
[EventDate "2015.03.10"]

1. d4 d5 2. c4 e6 3. Nf3 Nf6 4. Nc3 c5 5. cxd5 cxd4 6. Qxd4 exd5 7. Bg5 Be7 8.
O-O-O Nc6 9. Qa4 Be6 10. e3 O-O 11. Qb5 Qb6 12. Bxf6 Bxf6 13. Nxd5 Bxd5 14.
Rxd5 Nb4 15. Qxb6 axb6 16. Rb5 Nxa2+ 17. Kb1 Ra4 18. Ne1 Nb4 19. Nd3 Nxd3 20.
Bxd3 Rfa8 21. Kc2 Bd8 22. Rd1 R4a5 23. Rb4 Rc5+ 24. Kb3 Bc7 25. Be4 Rd8 26.
Rxd8+ Bxd8 27. Bxb7 Kf8 28. Be4 h5 29. Ra4 Rb5+ 30. Kc2 Rc5+ 31. Kd3 Ra5 32.
Rd4 Bf6 33. Rb4 Bd8 34. f4 g5 35. g3 h4 36. g4 Ra1 37. Bd5 Rd1+ 38. Ke4 gxf4
39. exf4 f5+ 40. gxf5 Ke7 41. Rc4 Kd7 42. b4 Rd2 43. h3 Re2+ 44. Kf3 Rd2 45.
Be4 Rb2 46. Bc6+ Kd6 47. b5 Rb3+ 48. Kg4 Rg3+ 49. Kh5 Bf6 50. Re4 1-0

[Event "Reykjavik Open 2015"]
[Site "Reykjavik ISL"]
[Date "2015.03.17"]
[Round "9"]
[White "Esserman, Marc"]
[Black "Navara, David"]
[Result "0-1"]
[WhiteElo "2426"]
[BlackElo "2736"]
[PlyCount "44"]
[EventDate "2015.03.10"]

1. e4 c5 2. Nf3 d6 3. d4 cxd4 4. Nxd4 Nf6 5. Nc3 a6 6. Be3 Ng4 7. Bc1 Nc6 8. h3
Nf6 9. Be3 e6 10. g4 h6 11. Bg2 Be7 12. Qd2 Ne5 13. b3 g5 14. f4 gxf4 15. Bxf4
b5 16. O-O Bb7 17. Bxh6 Rc8 18. Be3 Qc7 19. g5 Qxc3 20. gxf6 Bxf6 21. Qf2 Bh4
22. Qf4 Rg8 0-1

[Event "HDBank Cup 2015"]
[Site "Ho Chi Minh City VIE"]
[Date "2015.03.18"]
[Round "2"]
[White "Dimakiling, Oliver"]
[Black "Li, Chao b"]
[Result "1/2-1/2"]
[WhiteElo "2400"]
[BlackElo "2721"]
[PlyCount "125"]
[EventDate "2015.03.17"]

1. d4 Nf6 2. Nf3 g6 3. Nbd2 d5 4. e3 Bg7 5. b4 O-O 6. c4 c6 7. Bb2 Bf5 8. Be2
a5 9. bxa5 Qxa5 10. O-O Nbd7 11. a4 Nb6 12. Nb3 Qa7 13. cxd5 Nbxd5 14. a5 Ne4
15. Qc1 Rfd8 16. Re1 Rac8 17. Ba3 c5 18. Bxc5 Nxc5 19. Nxc5 e5 20. Qa3 exd4 21.
exd4 Nf4 22. Bf1 Ne6 23. Nxe6 Bxe6 24. Qe7 Bd5 25. a6 Rb8 26. Ne5 Re8 27. Qh4
bxa6 28. Rxa6 Qc7 29. Raa1 h5 30. Qg3 Qd8 31. h3 Rb4 32. Qc3 Rb3 33. Qc5 Bf8
34. Qc2 Rb6 35. Bc4 Rbe6 36. Qb3 Bxc4 37. Qxc4 Bg7 38. Red1 Qh4 39. Nf3 Qf4 40.
Rac1 Rd6 41. d5 Qf5 42. Qd3 Qd7 43. Rc5 Qa4 44. g3 Bf8 45. Rc4 Qb5 46. Ng5 Re5
47. Ne4 Rd8 48. Nf6+ Kh8 49. Qc3 Bd6 50. Ne4 f6 51. Nxf6 Rf5 52. Re4 Qc5 53.
Qb2 Rb8 54. Re8+ Rxe8 55. Nxe8+ Be5 56. Qd2 Kh7 57. d6 Bxg3 58. Rf1 Bf4 59. Qe2
Bxd6 60. Nxd6 Rg5+ 61. Kh1 Qxd6 62. Re1 Qc6+ 63. Qe4 1/2-1/2

[Event "HDBank Cup 2015"]
[Site "Ho Chi Minh City VIE"]
[Date "2015.03.18"]
[Round "3"]
[White "Li Chao"]
[Black "Nolte Rolando"]
[Result "1-0"]
[WhiteElo "2721"]
[BlackElo "2394"]
[PlyCount "77"]
[EventDate "2015.03.17"]

1. d4 Nf6 2. c4 g6 3. Nc3 Bg7 4. e4 d6 5. h3 O-O 6. Nf3 e5 7. d5 a5 8. g4 Na6
9. Be3 Nd7 10. a3 Nac5 11. Nd2 a4 12. h4 c6 13. Qc2 Qe7 14. O-O-O Nb6 15. Be2
Bd7 16. Kb1 Rfc8 17. Rdg1 cxd5 18. cxd5 Rc7 19. h5 Nc8 20. h6 Bh8 21. g5 Qe8
22. Rc1 b5 23. Qd1 Na7 24. Na2 Qc8 25. Nb4 Qb7 26. Bg4 Qc8 27. f3 Qd8 28. Qe2
Rac8 29. Rc3 f6 30. Bxd7 Qxd7 31. Rhc1 Qe7 32. Nc6 Nxc6 33. dxc6 Rxc6 34. Qxb5
fxg5 35. Nc4 g4 36. fxg4 R6c7 37. Nxd6 Qxd6 38. Rxc5 Rxc5 39. Rxc5 1-0

[Event "Reykjavik Open 2015"]
[Site "Reykjavik ISL"]
[Date "2015.03.18"]
[Round "10"]
[White "L'Ami, Erwin"]
[Black "Eljanov, Pavel"]
[Result "0-1"]
[WhiteElo "2605"]
[BlackElo "2727"]
[PlyCount "80"]
[EventDate "2015.03.10"]

1. d4 d5 2. c4 c6 3. Nc3 Nf6 4. Nf3 e6 5. e3 Nbd7 6. Bd3 dxc4 7. Bxc4 b5 8. Bd3
a6 9. O-O Bb7 10. a4 b4 11. Ne4 Be7 12. b3 c5 13. Nxf6+ Bxf6 14. Bb2 O-O 15. a5
Ra7 16. Ne5 cxd4 17. exd4 Bxe5 18. dxe5 Nc5 19. Bc4 Qg5 20. f3 Rd8 21. Qc1 Qe7
22. Qe3 Bd5 23. Bd4 Rc7 24. Bxc5 Rxc5 25. Bxa6 Rc3 26. Qf2 Rxb3 27. Rfd1 Ra3
28. Bf1 h5 29. a6 h4 30. f4 g6 31. Rac1 Rb8 32. Rd2 b3 33. h3 Ra2 34. Rb1 Rc8
35. Kh2 Rxd2 36. Qxd2 Rc2 37. Qa5 Kg7 38. a7 Ra2 39. Qe1 Rxa7 40. Be2 Ra2 0-1

[Event "Reykjavik Open 2015"]
[Site "Reykjavik ISL"]
[Date "2015.03.18"]
[Round "10"]
[White "Gupta, Abhijeet"]
[Black "Mamedyarov, Shakhriyar"]
[Result "1/2-1/2"]
[WhiteElo "2625"]
[BlackElo "2756"]
[PlyCount "102"]
[EventDate "2015.03.10"]

1. d4 d6 2. Nf3 g6 3. c4 f5 4. Nc3 Nf6 5. Bf4 Bg7 6. e3 O-O 7. c5 Kh8 8. h4 Nh5
9. Qb3 a5 10. Rd1 c6 11. Na4 Ra7 12. Ng5 Qe8 13. Bc4 Nxf4 14. exf4 d5 15. Be2
h6 16. Nf3 Nd7 17. h5 g5 18. fxg5 hxg5 19. Nxg5 e5 20. Nb6 Nxb6 21. Qxb6 Ra8
22. dxe5 Qxe5 23. Kf1 f4 24. Nf3 Qxb2 25. h6 Be5 26. Nh4 Bf5 27. Qxb2 Bxb2 28.
Nxf5 Rxf5 29. Rb1 Bc3 30. Rxb7 Re8 31. Rh3 Bb4 32. a3 Bxc5 33. Bd3 Rg5 34. Rf3
Bd6 35. Rh7+ Kg8 36. Rd7 Be5 37. Bc2 Kh8 38. Rh7+ Kg8 39. Rd7 Kh8 40. Rh7+ Kg8
41. Rb7 Kh8 42. Rfb3 c5 43. R3b6 Bc3 44. Rb8 Rgg8 45. Rxe8 Rxe8 46. Kg1 Rd8 47.
Rb7 c4 48. Bg6 d4 49. Rh7+ Kg8 50. Rg7+ Kh8 51. Rh7+ Kg8 1/2-1/2

[Event "Reykjavik Open 2015"]
[Site "Reykjavik ISL"]
[Date "2015.03.18"]
[Round "10"]
[White "Navara, David"]
[Black "Danielsen, Henrik"]
[Result "0-1"]
[WhiteElo "2736"]
[BlackElo "2514"]
[PlyCount "78"]
[EventDate "2015.03.10"]

1. e4 d6 2. d4 Nf6 3. Nc3 e5 4. Nf3 Nbd7 5. Bc4 Be7 6. a4 O-O 7. O-O c6 8. Re1
exd4 9. Nxd4 Ne5 10. Ba2 Re8 11. h3 a5 12. Be3 Bf8 13. Qd2 Ng6 14. f3 Be6 15.
Nxe6 fxe6 16. f4 Kh8 17. f5 exf5 18. exf5 Ne5 19. Bd4 Ned7 20. Rxe8 Qxe8 21.
Re1 Qh5 22. Be6 d5 23. Qe3 Qh4 24. g4 Bc5 25. Re2 Nxg4 26. f6 Qxf6 27. Bxf6
Ngxf6 28. Bxd7 Nxd7 29. Qxc5 Nxc5 30. Re7 Kg8 31. Ne2 Kf8 32. Rc7 Re8 33. Kf1
Re3 34. c3 Rxh3 35. b4 axb4 36. cxb4 Nxa4 37. Rxb7 Rh4 38. Kf2 Nb2 39. Kf3 Nd3
0-1

[Event "HDBank Cup 2015"]
[Site "Ho Chi Minh City VIE"]
[Date "2015.03.19"]
[Round "4"]
[White "Li, Chao b"]
[Black "Pitra, Andika"]
[Result "1-0"]
[WhiteElo "2721"]
[BlackElo "2310"]
[PlyCount "77"]
[EventDate "2015.03.17"]

1. d4 Nf6 2. c4 e6 3. g3 d5 4. Bg2 dxc4 5. Nf3 Bb4+ 6. Bd2 a5 7. O-O O-O 8. Bg5
b5 9. Ne5 Ra7 10. Nc3 Bb7 11. e4 Bxc3 12. bxc3 h6 13. Bxf6 Qxf6 14. Rb1 c6 15.
a4 Ba6 16. Nxc6 Nxc6 17. axb5 Nxd4 18. e5 Qe7 19. Qxd4 Rd7 20. Qxc4 Bb7 21.
Bxb7 Rxb7 22. Rfd1 Ra8 23. Rd6 a4 24. Qb4 a3 25. Ra1 a2 26. h4 h5 27. Qe4 Qc7
28. c4 Ra4 29. Rc6 Qd7 30. Qc2 Rba7 31. Rd6 Qc8 32. c5 Rb4 33. Qd3 Ra8 34. Rxa2
Rxa2 35. Rd8+ Qxd8 36. Qxd8+ Kh7 37. b6 Rb1+ 38. Kg2 Rbb2 39. Qd4 1-0

[Event "HDBank Cup 2015"]
[Site "Ho Chi Minh City VIE"]
[Date "2015.03.19"]
[Round "5"]
[White "Dao, Thien Hai"]
[Black "Li, Chao b"]
[Result "0-1"]
[WhiteElo "2482"]
[BlackElo "2721"]
[PlyCount "79"]
[EventDate "2015.03.17"]

1. d4 Nf6 2. c4 g6 3. Nc3 d5 4. Bg5 Bg7 5. Bxf6 Bxf6 6. cxd5 c5 7. dxc5 O-O 8.
Nf3 Qa5 9. Qd2 Nd7 10. a3 Qxc5 11. e3 Qb6 12. Bc4 Nc5 13. Nd4 Bd7 14. O-O Rac8
15. Rac1 a5 16. b3 Rfd8 17. Qb2 Na4 18. Qd2 Nxc3 19. Rxc3 Be5 20. Rc2 Qd6 21.
Nf3 b5 22. Nxe5 Qxe5 23. Be2 Rxc2 24. Qxc2 Rc8 25. Qd2 Qc3 26. Rd1 Qxd2 27.
Rxd2 Rc3 28. Rd3 Rc2 29. Bd1 Ra2 30. a4 bxa4 31. bxa4 Ra1 32. Kf1 Bxa4 33. Ke1
f5 34. Rd4 Rxd1+ 35. Rxd1 Bxd1 36. Kxd1 Kf7 37. Kc2 Kf6 38. f4 e5 39. Kb3 exf4
40. exf4 0-1

[Event "HDBank Cup 2015"]
[Site "Ho Chi Minh City VIE"]
[Date "2015.03.20"]
[Round "6"]
[White "Le, Quang Liem"]
[Black "Li, Chao b"]
[Result "0-1"]
[WhiteElo "2676"]
[BlackElo "2721"]
[PlyCount "104"]
[EventDate "2015.03.17"]

1. d4 Nf6 2. c4 g6 3. f3 d5 4. cxd5 Nxd5 5. e4 Nb6 6. Nc3 Bg7 7. Be3 O-O 8. Qd2
Nc6 9. O-O-O f5 10. e5 Nb4 11. Nh3 a5 12. a3 N4d5 13. Nf4 Nxf4 14. Bxf4 Nd5 15.
h4 h5 16. Bc4 Be6 17. Bg5 c6 18. Kb1 Nxc3+ 19. Qxc3 Qd7 20. Rd3 Rfd8 21. g4
fxg4 22. fxg4 hxg4 23. Rg3 b5 24. Bxe6+ Qxe6 25. Rhg1 b4 26. Qc5 bxa3 27. Rxa3
Rab8 28. Rc3 Qf5+ 29. Rc2 Rb4 30. Be3 Rdb8 31. Bc1 a4 32. Ka1 a3 33. bxa3 Rxd4
34. Bb2 Re4 35. Qxc6 Rxe5 36. Qc4+ Kh7 37. h5 Rxb2 38. hxg6+ Kh6 39. Rxb2 Rc5
40. Rh1+ Kxg6 41. Qg8 Qf6 42. Rhh2 g3 43. Rhg2 Rc3 44. Ka2 Qd6 45. Qe8+ Kh6 46.
Qa4 Qd5+ 47. Kb1 Rc4 48. Qa6+ Rc6 49. Qb5 Qe4+ 50. Rbc2 Qe1+ 51. Ka2 Rxc2+ 52.
Rxc2 Qa1+ 0-1

[Event "HDBank Cup 2015"]
[Site "Ho Chi Minh City VIE"]
[Date "2015.03.21"]
[Round "7"]
[White "Li, Chao b"]
[Black "Nguyen, Ngoc Truong Son"]
[Result "1-0"]
[WhiteElo "2721"]
[BlackElo "2659"]
[PlyCount "115"]
[EventDate "2015.03.17"]

1. d4 d5 2. c4 c6 3. cxd5 cxd5 4. Bf4 Nc6 5. e3 Nf6 6. Nc3 Bf5 7. Qb3 Na5 8.
Bb5+ Bd7 9. Qd1 e6 10. Bd3 Rc8 11. Nf3 Nc4 12. Qe2 Qa5 13. Bxc4 Rxc4 14. O-O
Rc8 15. Ne5 Bb4 16. Rfc1 Bxc3 17. bxc3 Bb5 18. Qb2 Nh5 19. a4 Ba6 20. Qb4 Qd8
21. a5 f6 22. Qa4+ Ke7 23. Qb4+ Ke8 24. Nf3 Rc4 25. Qb2 Nxf4 26. exf4 Qc7 27.
g3 Kf7 28. Nd2 Rc6 29. Nb3 Bc4 30. Nc5 b6 31. axb6 axb6 32. Na6 Bxa6 33. Rxa6
Rc8 34. Kg2 Rxc3 35. Rxc3 Qxc3 36. Ra7+ Kg8 37. Qe2 Qc6 38. f5 e5 39. dxe5 d4+
40. Kh3 d3 41. Qh5 Kh8 42. e6 d2 43. Rd7 Qb5 44. Kg2 Qc6+ 45. Qf3 Qxf3+ 46.
Kxf3 Kg8 47. Ke2 Kf8 48. Rf7+ Kg8 49. Rb7 h5 50. Kxd2 Kf8 51. h3 Rc5 52. g4 Rb5
53. Rb8+ Ke7 54. Rg8 Rb2+ 55. Kc3 Rxf2 56. Rxg7+ Kd6 57. Rd7+ Kc6 58. Rd2 1-0

[Event "HDBank Cup 2015"]
[Site "Ho Chi Minh City VIE"]
[Date "2015.03.21"]
[Round "8"]
[White "Li, Chao b"]
[Black "Zhang, Zhong"]
[Result "0-1"]
[WhiteElo "2721"]
[BlackElo "2614"]
[PlyCount "78"]
[EventDate "2015.03.17"]

1. d4 Nf6 2. c4 e6 3. g3 d5 4. Bg2 dxc4 5. Nf3 Bd7 6. Nbd2 Bb5 7. O-O Nc6 8.
Nb1 Be7 9. Nc3 Ba6 10. Qa4 O-O 11. Rd1 Nd5 12. a3 Nb6 13. Qc2 Na5 14. e4 Nb3
15. Rb1 Nxc1 16. Rbxc1 Qe8 17. h4 Rd8 18. Bh3 h6 19. Re1 Bf6 20. Rcd1 c5 21. e5
Be7 22. Ne4 cxd4 23. Nxd4 Kh8 24. f4 Qa4 25. Qc1 Qa5 26. Kh2 Na4 27. Qc2 Rxd4
28. Rxd4 Qxe1 29. Qxa4 Qe2+ 30. Bg2 Qxb2 31. Qd7 Bxa3 32. Nd6 Bxd6 33. Rxd6 c3
34. Kh3 Qb5 35. Qc7 Qc4 36. Qe7 Qc8 37. Be4 c2 38. Bxc2 Bf1+ 39. Kg4 Qxc2 0-1

[Event "HDBank Cup 2015"]
[Site "Ho Chi Minh City VIE"]
[Date "2015.03.22"]
[Round "9"]
[White "Gomez, John Paul"]
[Black "Li, Chao b"]
[Result "1-0"]
[WhiteElo "2524"]
[BlackElo "2721"]
[PlyCount "115"]
[EventDate "2015.03.17"]

1. d4 Nf6 2. c4 c5 3. d5 e6 4. Nc3 exd5 5. cxd5 Bd6 6. Nf3 O-O 7. Bg5 Re8 8. e3
Bf8 9. Bd3 d6 10. h3 Nbd7 11. O-O a6 12. a4 Rb8 13. Re1 g6 14. e4 h6 15. Bf4
Nh5 16. Be3 Qf6 17. Bf1 Ne5 18. Nxe5 Qxe5 19. Qd2 g5 20. g3 Qg7 21. Bg2 Qg6 22.
Rab1 Bd7 23. b4 b6 24. Rb3 Bg7 25. bxc5 bxc5 26. Reb1 Rxb3 27. Rxb3 Be5 28. Rb6
Nf6 29. g4 Bc8 30. a5 Kg7 31. f3 Nd7 32. Rc6 Qf6 33. Ne2 Qd8 34. f4 gxf4 35.
Bxf4 Bxf4 36. Nxf4 Ne5 37. Nh5+ Kg6 38. Rb6 Qe7 39. Qf2 c4 40. Rxa6 Nd3 41. Qd4
Kg5 42. Rc6 Qe5 43. Qxc4 Qa1+ 44. Kh2 Nc5 45. Qf1 Qe5+ 46. Kg1 Ba6 47. Rxa6
Nxa6 48. Qxa6 Qd4+ 49. Kh2 Qe5+ 50. Kh1 f5 51. exf5 Qa1+ 52. Kh2 Qe5+ 53. Ng3
Kh4 54. Qd3 Rc8 55. g5 Kxg5 56. Qd2+ Qf4 57. h4+ Kg4 58. Bh3+ 1-0

[Event "Aeroflot Open 2015"]
[Site "Moscow RUS"]
[Date "2015.03.27"]
[Round "1"]
[White "Mamedyarov, Shakhriyar"]
[Black "Savchenko, Boris"]
[Result "1-0"]
[WhiteElo "2756"]
[BlackElo "2581"]
[PlyCount "37"]
[EventDate "2015.03.27"]

1. d4 Nf6 2. c4 e6 3. Nc3 d5 4. Nf3 Be7 5. Bf4 O-O 6. e3 Nbd7 7. Qc2 c5 8. Rd1
cxd4 9. Rxd4 Bb4 10. cxd5 Nxd5 11. Bd3 h6 12. O-O Bxc3 13. bxc3 Nxf4 14. exf4
Qc7 15. Rd1 Nc5 16. Bh7+ Kh8 17. Ne5 g5 18. Bg6 gxf4 19. Qe2 1-0

[Event "Aeroflot Open 2015"]
[Site "Moscow RUS"]
[Date "2015.03.27"]
[Round "1"]
[White "Bogdanovich, Stanislav"]
[Black "Nepomniachtchi, Ian"]
[Result "1/2-1/2"]
[WhiteElo "2581"]
[BlackElo "2714"]
[PlyCount "89"]
[EventDate "2015.03.27"]

1. d4 Nf6 2. c4 g6 3. f3 e6 4. e4 c5 5. d5 d6 6. Ne2 Bg7 7. Nec3 Nh5 8. Be3
exd5 9. cxd5 f5 10. Bb5+ Nd7 11. exf5 gxf5 12. f4 Nhf6 13. O-O Ng4 14. Qf3 O-O
15. Kh1 a6 16. Bxd7 Bxd7 17. Bg1 b5 18. Nd2 b4 19. Nd1 Bb5 20. Re1 Qh4 21. Re6
Rae8 22. a4 bxa3 23. Qxa3 Rxe6 24. dxe6 Qe1 25. Nf3 Qxe6 26. Nc3 h6 27. Re1 Qd7
28. b4 c4 29. Nd4 Re8 30. Rxe8+ Qxe8 31. Ncxb5 axb5 32. Nxf5 Qe4 33. Nxg7 Kxg7
34. Qg3 h5 35. h3 Qd3 36. Qh4 Nf6 37. Qg5+ Kf7 38. Qxb5 Qe4 39. Qg5 c3 40. f5
c2 41. b5 Qe1 42. Qg6+ Ke7 43. Qg7+ Ke8 44. Qg6+ Ke7 45. Qg7+ 1/2-1/2

[Event "Aeroflot Open 2015"]
[Site "Moscow RUS"]
[Date "2015.03.27"]
[Round "1"]
[White "Rapport, Richard"]
[Black "Bluebaum, Matthias"]
[Result "1-0"]
[WhiteElo "2709"]
[BlackElo "2576"]
[PlyCount "85"]
[EventDate "2015.03.27"]

1. e4 e6 2. Qe2 c5 3. g3 Nc6 4. Bg2 g6 5. f4 Bg7 6. Nf3 Nge7 7. O-O O-O 8. d3
d6 9. c3 b5 10. Rd1 Qb6 11. Nbd2 Ba6 12. Nb3 b4 13. c4 e5 14. f5 gxf5 15. exf5
Nxf5 16. Rf1 Nfe7 17. Ng5 f5 18. Ne6 Rf6 19. Nxg7 Kxg7 20. Bg5 Raf8 21. Bxf6+
Rxf6 22. Rf2 Bb7 23. Raf1 Bc8 24. Qe3 a5 25. Bf3 a4 26. Nd2 h6 27. Bd1 Nd4 28.
Bxa4 Bb7 29. Bd1 f4 30. Rxf4 exf4 31. Qxe7+ Rf7 32. Qh4 f3 33. Qg4+ Kh8 34. Qg6
Qc7 35. Qxh6+ Kg8 36. Qg6+ Kf8 37. Ne4 Bxe4 38. Qxe4 Re7 39. Qh4 Rf7 40. Qh8+
Ke7 41. Qa8 Qd7 42. Bxf3 d5 43. Re1+ 1-0

[Event "Aeroflot Open 2015"]
[Site "Moscow RUS"]
[Date "2015.03.27"]
[Round "1"]
[White "Grigoriants, Sergey"]
[Black "Vallejo Pons, Francisco"]
[Result "1/2-1/2"]
[WhiteElo "2573"]
[BlackElo "2708"]
[PlyCount "38"]
[EventDate "2015.03.27"]

1. e4 c5 2. Nf3 d6 3. d4 cxd4 4. Nxd4 Nf6 5. f3 e5 6. Nb3 Be6 7. c4 a5 8. Be3
a4 9. N3d2 Qa5 10. Bd3 Be7 11. O-O Nbd7 12. Re1 Bd8 13. Na3 Bb6 14. Nf1 O-O 15.
Kh1 Rfc8 16. Rc1 Rc6 17. Qd2 Nc5 18. Bb1 Nh5 19. Red1 Qa6 1/2-1/2

[Event "Aeroflot Open 2015"]
[Site "Moscow RUS"]
[Date "2015.03.27"]
[Round "1"]
[White "Inarkiev, Ernesto"]
[Black "Jumabayev, Rinat"]
[Result "1-0"]
[WhiteElo "2706"]
[BlackElo "2572"]
[PlyCount "71"]
[EventDate "2015.03.27"]

1. e4 e5 2. Nf3 Nc6 3. Bb5 Nf6 4. O-O Nxe4 5. d4 Nd6 6. Bxc6 dxc6 7. dxe5 Nf5
8. Qxd8+ Kxd8 9. Nc3 Bd7 10. b3 Ke8 11. Bb2 Rd8 12. Rad1 Bc8 13. Rxd8+ Kxd8 14.
Ne2 Ne7 15. Ng5 Ke8 16. c4 Nf5 17. Re1 Bb4 18. Bc3 Bxc3 19. Nxc3 Ke7 20. Rd1
Nh4 21. f4 h6 22. Nge4 h5 23. Kf2 Ng6 24. Ke3 Nh4 25. Rd2 b6 26. g3 Nf5+ 27.
Kf3 Bb7 28. h3 Bc8 29. g4 Nh4+ 30. Kg3 Ng6 31. Ng5 hxg4 32. hxg4 Rh1 33. Nf3
Rc1 34. Ne2 Rh1 35. Ned4 Bb7 36. Nf5+ 1-0